000 00875nam a22002297a 4500
999 _c5430
_d5430
003 OSt
005 20250825112701.0
008 180220b xxu||||| |||| 00| 0 spa d
020 _a9789873052132
040 _cPJ
100 _93653
_aDías, Horacio L.
245 1 0 _aCódigo Penal de la Nación Argentina :
_bcomentado - parte general
_cHoracio Días, colaboración de Augusto Brezin.
250 _a2a. ed. amp. y act.
260 _aBuenos Aires :
_bRubinal Culzoni,
_c2025.
300 _a901 p.
_c23 cm.
505 _aAnálisis exegético de los artículos 1º a 78 bis del Código Penal de la Nación Argentina. Edición actualizada con la ley 27.785
650 0 _aCODIGO PENAL
_92480
650 0 _aOBRA DE REFERENCIA
_92443
700 _96445
_aBrezin, Augusto
_ecolaborador
710 _92448
_aArgentina. Códigos
942 _2udc
_cREF
_h343.2(094.4)
_iDIA